Largest North American City Starting With Each Letter - Statistics

General Stats
  • This quiz has been taken 14 times
    2 since last reset
  • The average score is 14 of 26
Answer Stats
Letter North America % Correct
B Boston, MA
100%
D Dallas, TX
100%
E Edmonton, Canada
100%
F Fort Worth, TX
100%
G Guadalajara, Mexico
100%
H Houston, TX
100%
M Mexico City, Mexico
100%
N New York City, NY
100%
T Toronto, Canada
100%
V Vancouver, Canada
100%
A Austin, TX
50%
C Chicago, IL
50%
I Indianapolis, IN
50%
K Kingston, Jamaica
50%
L Los Angeles, CA
50%
P Port-au Prince, Haiti
50%
Q Quebec City, Canada
50%
W Winnipeg, Canada
50%
J Juarez, Mexico
0%
O Ottawa, Canada
0%
R Reynosa, Mexico
0%
S Santo Domingo, Dominican Republic
0%
U Upland, CA
0%
X Xalapa de Enriquez, Mexico
0%
Y Yonkers, NY
0%
Z Zapopan. Mexico
0%
No matching quizzes found
Score Distribution
Percent of People with Each Score
Percentile by Number Answered
Your Score History
You have not taken this quiz since the last reset